[Event "Rapid 2018"]
[Site "Saint-Petersburg"]
[Date "2018.12.28"]
[Round "15"]
[Board "91"]
[White "Iljiushenok Ilia (RUS)"]
[Black "Hirneise Tobias (GER)"]
[Result "0-1"]
[BlackElo "2415"]
[WhiteElo "2607"]
[LiveChessVersion "1.4.8"]

1. e4 {[%clk 0:15:19]} c6 {[%clk 0:15:17]} 2. d4 {[%clk 0:15:27]} d5
{[%clk 0:15:26]} 3. e5 {[%clk 0:15:35]} Bf5 {[%clk 0:15:35]} 4. h4
{[%clk 0:15:44]} h6 {[%clk 0:15:37]} 5. g4 {[%clk 0:15:52]} Bd7 {[%clk 0:15:46]}
6. Be3 {[%clk 0:15:58]} e6 {[%clk 0:14:37]} 7. Nc3 {[%clk 0:15:52]} h5
{[%clk 0:14:23]} 8. gxh5 {[%clk 0:15:50]} Qb6 {[%clk 0:14:22]} 9. Na4
{[%clk 0:15:18]} Qc7 {[%clk 0:13:53]} 10. f4 {[%clk 0:14:02]} Nh6
{[%clk 0:13:51]} 11. Bd3 {[%clk 0:13:46]} b6 {[%clk 0:13:28]} 12. Nc3
{[%clk 0:12:51]} c5 {[%clk 0:13:26]} 13. Nf3 {[%clk 0:13:00]} Nc6
{[%clk 0:12:33]} 14. Nb5 {[%clk 0:12:40]} Qb8 {[%clk 0:12:31]} 15. c3
{[%clk 0:12:48]} c4 {[%clk 0:11:34]} 16. Bc2 {[%clk 0:12:52]} a6 {[%clk 0:11:14]}
17. Nd6+ {[%clk 0:11:51]} Bxd6 {[%clk 0:11:22]} 18. exd6 {[%clk 0:12:00]} Ng4
{[%clk 0:10:18]} 19. Qe2 {[%clk 0:11:46]} Qxd6 {[%clk 0:08:39]} 20. Ne5
{[%clk 0:11:54]} Nxe3 {[%clk 0:07:25]} 21. Qxe3 {[%clk 0:12:02]} Rxh5
{[%clk 0:07:08]} 22. O-O-O {[%clk 0:11:33]} Nxe5 {[%clk 0:06:17]} 23. dxe5
{[%clk 0:11:42]} Qc5 {[%clk 0:06:21]} 24. Qg3 {[%clk 0:07:24]} O-O-O
{[%clk 0:06:23]} 25. f5 {[%clk 0:07:34]} exf5 {[%clk 0:06:09]} 26. Qf3
{[%clk 0:07:42]} Rhh8 {[%clk 0:04:25]} 27. Rxd5 {[%clk 0:07:47]} Qc6
{[%clk 0:03:33]} 28. Rhd1 {[%clk 0:07:38]} Kc7 {[%clk 0:03:33]} 29. Qg3
{[%clk 0:04:26]} Qh6+ {[%clk 0:02:46]} 30. Kb1 {[%clk 0:04:35]} Bc6
{[%clk 0:01:32]} 31. Rd6 {[%clk 0:04:26]} Rxd6 {[%clk 0:01:05]} 32. exd6+ Kb7 33.
Bxf5 {[%clk 0:03:52]} Rd8 {[%clk 0:01:06]} 34. Ka1 {[%clk 0:00:51]} Qf6
{[%clk 0:01:15]} 35. Bh3 {[%clk 0:00:48]} Qf3 {[%clk 0:01:16]} 36. Qxf3
{[%clk 0:00:32]} Bxf3 {[%clk 0:01:25]} 37. Rd4 {[%clk 0:00:41]} b5
{[%clk 0:01:01]} 38. b3 {[%clk 0:00:50]} Kc6 {[%clk 0:00:48]} 39. d7
{[%clk 0:00:47]} Bd5 {[%clk 0:00:48]} 40. Kb2 {[%clk 0:00:23]} cxb3
{[%clk 0:00:49]} 41. axb3 {[%clk 0:00:32]} Be6 {[%clk 0:00:57]} 42. Bxe6
{[%clk 0:00:15]} fxe6 {[%clk 0:01:16]} 43. c4 {[%clk 0:00:19]} Rxd7
{[%clk 0:01:11]} 44. cxb5+ {[%clk 0:00:28]} axb5 {[%clk 0:01:19]} 45. Rg4
{[%clk 0:00:37]} Kd5 {[%clk 0:01:20]} 46. Kc3 {[%clk 0:00:41]} Rf7
{[%clk 0:01:10]} 47. Kb4 {[%clk 0:00:35]} e5 {[%clk 0:01:15]} 48. Kxb5
{[%clk 0:00:39]} e4 {[%clk 0:01:15]} 49. Rg5+ {[%clk 0:00:33]} Kd4
{[%clk 0:01:23]} 50. Kc6 {[%clk 0:00:39]} e3 {[%clk 0:01:26]} 51. Rd5+
{[%clk 0:00:29]} Ke4 {[%clk 0:01:27]} 52. Rd8 {[%clk 0:00:38]} Rf5
{[%clk 0:01:21]} 0-1

[Event "Rapid 2018"]
[Site "Saint-Petersburg"]
[Date "2018.12.28"]
[Round "15"]
[Board "92"]
[White "Drygalov Sergey (RUS)"]
[Black "Baron Tal (ISR)"]
[Result "1-0"]
[BlackElo "2525"]
[WhiteElo "2471"]
[LiveChessVersion "1.4.8"]

1. d4 {[%clk 0:15:18]} Nf6 {[%clk 0:15:18]} 2. Nf3 {[%clk 0:15:27]} d5
{[%clk 0:15:27]} 3. c4 {[%clk 0:15:34]} e6 {[%clk 0:15:36]} 4. Nc3
{[%clk 0:15:33]} dxc4 {[%clk 0:15:44]} 5. e4 {[%clk 0:15:37]} Bb4
{[%clk 0:15:52]} 6. Bxc4 {[%clk 0:15:41]} Nxe4 {[%clk 0:16:00]} 7. O-O
{[%clk 0:15:49]} Nxc3 {[%clk 0:16:09]} 8. bxc3 {[%clk 0:15:57]} Be7
{[%clk 0:16:18]} 9. Ne5 {[%clk 0:15:35]} O-O {[%clk 0:16:22]} 10. Qg4
{[%clk 0:15:36]} Nc6 {[%clk 0:16:30]} 11. Bf4 {[%clk 0:15:06]} Bf6
{[%clk 0:15:26]} 12. Nxc6 {[%clk 0:13:31]} bxc6 {[%clk 0:15:35]} 13. Qg3
{[%clk 0:13:40]} Bh4 {[%clk 0:15:40]} 14. Qf3 {[%clk 0:13:32]} Bb7
{[%clk 0:15:23]} 15. Bd3 {[%clk 0:13:30]} Bg5 {[%clk 0:12:57]} 16. Bg3
{[%clk 0:11:50]} Rb8 {[%clk 0:12:36]} 17. Rab1 {[%clk 0:11:58]} Ba8
{[%clk 0:12:29]} 18. Qe4 {[%clk 0:09:16]} g6 {[%clk 0:12:24]} 19. Qe5
{[%clk 0:09:19]} Qd5 {[%clk 0:08:05]} 20. Be4 {[%clk 0:08:32]} Qxe5
{[%clk 0:08:08]} 21. Bxe5 {[%clk 0:08:39]} Bd2 {[%clk 0:07:40]} 22. c4
{[%clk 0:08:31]} Bc3 {[%clk 0:05:53]} 23. c5 {[%clk 0:07:22]} Rxb1
{[%clk 0:05:50]} 24. Rxb1 {[%clk 0:07:26]} f6 {[%clk 0:05:57]} 25. Bxc7
{[%clk 0:07:28]} Bxd4 {[%clk 0:05:53]} 26. Bd6 {[%clk 0:07:35]} Rd8
{[%clk 0:05:31]} 27. Kf1 {[%clk 0:06:47]} Kf7 {[%clk 0:05:21]} 28. Bd3
{[%clk 0:05:04]} f5 {[%clk 0:03:55]} 29. Bc4 {[%clk 0:04:23]} Bg7
{[%clk 0:02:57]} 30. Rb3 {[%clk 0:03:42]} Bf8 {[%clk 0:01:24]} 31. Bxf8
{[%clk 0:03:50]} Rxf8 {[%clk 0:01:08]} 32. Ra3 {[%clk 0:03:49]} Kf6
{[%clk 0:01:06]} 33. Rxa7 {[%clk 0:03:38]} Rb8 {[%clk 0:00:42]} 34. Ke2
{[%clk 0:02:28]} 1-0

[Event "Rapid 2018"]
[Site "Saint-Petersburg"]
[Date "2018.12.28"]
[Round "15"]
[Board "94"]
[White "Shubin Kirill (RUS)"]
[Black "Gaifullin Artur (RUS)"]
[Result "0-1"]
[BlackElo "2156"]
[WhiteElo "2242"]
[LiveChessVersion "1.4.8"]

1. e4 {[%clk 0:15:16]} c6 {[%clk 0:15:19]} 2. d4 {[%clk 0:15:23]} d5
{[%clk 0:15:28]} 3. exd5 {[%clk 0:15:31]} cxd5 {[%clk 0:15:37]} 4. Bd3
{[%clk 0:15:40]} Nc6 {[%clk 0:15:44]} 5. c3 {[%clk 0:15:48]} Qc7 {[%clk 0:15:53]}
6. Ne2 {[%clk 0:15:57]} Bg4 {[%clk 0:16:01]} 7. O-O {[%clk 0:16:05]} Nf6
{[%clk 0:16:09]} 8. Qe1 {[%clk 0:16:13]} g6 {[%clk 0:15:19]} 9. f3
{[%clk 0:15:07]} Bd7 {[%clk 0:15:28]} 10. Na3 {[%clk 0:14:31]} Bg7
{[%clk 0:15:05]} 11. Nc2 {[%clk 0:14:04]} O-O {[%clk 0:15:06]} 12. Bf4
{[%clk 0:13:33]} e5 {[%clk 0:15:12]} 13. dxe5 {[%clk 0:13:12]} Nh5
{[%clk 0:15:19]} 14. e6 {[%clk 0:12:21]} Nxf4 {[%clk 0:14:25]} 15. Nxf4
{[%clk 0:12:30]} Qb6+ {[%clk 0:14:33]} 16. Qf2 {[%clk 0:11:19]} Qxf2+
{[%clk 0:14:40]} 17. Rxf2 {[%clk 0:11:21]} fxe6 {[%clk 0:14:48]} 18. Ne2
{[%clk 0:11:29]} Ne5 {[%clk 0:14:54]} 19. Rd1 {[%clk 0:11:30]} Rae8
{[%clk 0:13:43]} 20. Ned4 {[%clk 0:10:59]} Nxd3 {[%clk 0:12:57]} 21. Rxd3
{[%clk 0:11:08]} e5 {[%clk 0:13:01]} 22. Nb3 {[%clk 0:10:58]} Bc6
{[%clk 0:09:20]} 23. Nb4 {[%clk 0:11:01]} e4 {[%clk 0:09:22]} 24. fxe4
{[%clk 0:10:48]} dxe4 {[%clk 0:09:16]} 25. Re3 {[%clk 0:10:39]} Rxf2
{[%clk 0:09:10]} 26. Kxf2 {[%clk 0:10:47]} Bh6 {[%clk 0:08:41]} 27. Rh3
{[%clk 0:10:12]} Rf8+ {[%clk 0:07:41]} 28. Ke1 {[%clk 0:09:32]} Bb5
{[%clk 0:07:23]} 29. Rxh6 {[%clk 0:09:40]} e3 {[%clk 0:07:31]} 30. Nd2
{[%clk 0:09:28]} Rf2 {[%clk 0:07:21]} 31. Rh3 {[%clk 0:07:52]} exd2+
{[%clk 0:05:22]} 32. Kd1 {[%clk 0:08:01]} Rxg2 {[%clk 0:05:11]} 0-1

[Event "Rapid 2018"]
[Site "Saint-Petersburg"]
[Date "2018.12.28"]
[Round "15"]
[Board "95"]
[White "Danielyan Vahe (ARM)"]
[Black "Guimaraes Diogo Duarte (BRA)"]
[Result "1-0"]
[BlackElo "2348"]
[WhiteElo "2261"]
[LiveChessVersion "1.4.8"]

1. e4 {[%clk 0:14:53]} e5 {[%clk 0:12:32]} 2. Nf3 {[%clk 0:14:55]} Nc6
{[%clk 0:12:41]} 3. Bb5 {[%clk 0:15:02]} Nf6 {[%clk 0:12:49]} 4. d3
{[%clk 0:15:09]} Bc5 {[%clk 0:12:26]} 5. Nc3 {[%clk 0:15:17]} a6 {[%clk 0:10:44]}
6. Bxc6 {[%clk 0:15:25]} dxc6 {[%clk 0:10:53]} 7. Nxe5 {[%clk 0:15:26]} Qd4
{[%clk 0:10:22]} 8. Be3 {[%clk 0:15:35]} Qxe5 {[%clk 0:10:30]} 9. d4
{[%clk 0:15:45]} Qe7 {[%clk 0:10:30]} 10. dxc5 Nxe4 11. Qd4 {[%clk 0:15:57]} Bf5
{[%clk 0:10:23]} 12. Qxg7 {[%clk 0:15:47]} O-O-O {[%clk 0:10:30]} 13. Rd1
{[%clk 0:14:03]} Rde8 {[%clk 0:08:57]} 14. Nxe4 {[%clk 0:11:45]} Qxe4
{[%clk 0:08:06]} 15. Qc3 {[%clk 0:11:51]} Bg4 {[%clk 0:06:31]} 16. f3
{[%clk 0:10:06]} Qxe3+ {[%clk 0:06:20]} 17. Qxe3 {[%clk 0:10:15]} Rxe3+
{[%clk 0:06:29]} 18. Kd2 {[%clk 0:10:25]} Rhe8 {[%clk 0:06:37]} 19. fxg4
{[%clk 0:10:34]} Re2+ {[%clk 0:06:46]} 20. Kc1 {[%clk 0:10:26]} Rxg2
{[%clk 0:06:52]} 21. Rd2 {[%clk 0:10:31]} Rxg4 {[%clk 0:06:57]} 22. Rf1
{[%clk 0:10:40]} Re7 {[%clk 0:06:32]} 23. Rfd1 {[%clk 0:10:42]} Rg8
{[%clk 0:05:22]} 24. Rf1 {[%clk 0:10:51]} Rf8 {[%clk 0:05:15]} 25. Rdf2
{[%clk 0:11:01]} Kd7 {[%clk 0:05:16]} 26. Rf6 {[%clk 0:11:04]} Ke8
{[%clk 0:05:18]} 27. R6f3 {[%clk 0:11:08]} Re5 {[%clk 0:05:17]} 28. Rb3
{[%clk 0:11:17]} Rxc5 {[%clk 0:05:18]} 29. Rxb7 {[%clk 0:11:26]} Kd7
{[%clk 0:05:22]} 30. Rd1+ {[%clk 0:11:35]} Kc8 {[%clk 0:05:22]} 31. Ra7
{[%clk 0:11:44]} Kb8 {[%clk 0:05:15]} 32. Rxa6 {[%clk 0:11:51]} Rg8
{[%clk 0:05:08]} 33. Ra4 {[%clk 0:11:22]} Rg2 {[%clk 0:05:15]} 34. Rd2
{[%clk 0:11:17]} Rg1+ {[%clk 0:04:27]} 35. Rd1 {[%clk 0:11:26]} Rg2
{[%clk 0:04:34]} 36. Rd2 {[%clk 0:11:34]} Rg6 {[%clk 0:03:57]} 37. b3
{[%clk 0:11:39]} Rh6 {[%clk 0:04:00]} 38. Rf4 {[%clk 0:11:46]} f5
{[%clk 0:04:03]} 39. Re2 {[%clk 0:11:51]} Kc8 {[%clk 0:04:06]} 40. c4
{[%clk 0:12:00]} Ra5 {[%clk 0:04:05]} 41. Kb2 {[%clk 0:12:09]} Rh5
{[%clk 0:04:13]} 42. a4 {[%clk 0:12:17]} Kd7 {[%clk 0:04:17]} 43. Rd4+
{[%clk 0:12:17]} Kc8 {[%clk 0:04:24]} 44. Re8+ {[%clk 0:12:25]} Kb7
{[%clk 0:04:30]} 45. c5 {[%clk 0:12:01]} Rxc5 {[%clk 0:04:21]} 46. Rb4+
{[%clk 0:12:10]} Ka7 {[%clk 0:04:27]} 47. Rbb8 {[%clk 0:12:19]} Rxh2+
{[%clk 0:03:39]} 48. Ka3 {[%clk 0:12:28]} Rd5 {[%clk 0:03:48]} 49. Rf8
{[%clk 0:09:19]} h5 {[%clk 0:03:30]} 50. Rg8 {[%clk 0:09:16]} Re2
{[%clk 0:03:26]} 51. Rh8 {[%clk 0:09:16]} h4 {[%clk 0:03:30]} 52. Ra8+
{[%clk 0:09:22]} Kb6 {[%clk 0:03:38]} 53. Rxh4 {[%clk 0:09:27]} c5
{[%clk 0:03:34]} 54. Rh6+ {[%clk 0:09:34]} Kb7 {[%clk 0:03:36]} 55. Ra5
{[%clk 0:09:38]} f4 {[%clk 0:02:53]} 56. Rf6 {[%clk 0:09:45]} Rf2
{[%clk 0:03:02]} 57. Rb5+ {[%clk 0:09:53]} Ka7 {[%clk 0:02:27]} 58. Rc6
{[%clk 0:09:56]} f3 {[%clk 0:02:26]} 59. Rxc7+ {[%clk 0:10:04]} Ka6
{[%clk 0:02:28]} 60. Rc6+ {[%clk 0:10:12]} Ka7 {[%clk 0:02:37]} 61. Rcxc5
{[%clk 0:09:57]} Rxc5 {[%clk 0:01:43]} 62. Rxc5 {[%clk 0:10:06]} Rg2
{[%clk 0:01:52]} 63. Rf5 {[%clk 0:10:00]} f2 {[%clk 0:01:59]} 64. a5
{[%clk 0:10:06]} Ka6 {[%clk 0:01:28]} 65. Ka4 {[%clk 0:10:04]} Kb7
{[%clk 0:00:35]} 66. b4 {[%clk 0:10:10]} Rh2 {[%clk 0:00:35]} 67. Rf7+
{[%clk 0:10:15]} Kb8 {[%clk 0:00:44]} 68. a6 {[%clk 0:10:16]} Rh6
{[%clk 0:00:16]} 69. b5 {[%clk 0:10:09]} Rh2 {[%clk 0:00:16]} 70. Ka5
{[%clk 0:10:10]} Rg2 {[%clk 0:00:23]} 71. Rf8+ {[%clk 0:10:12]} Kc7
{[%clk 0:00:31]} 72. b6+ {[%clk 0:10:14]} Kc6 {[%clk 0:00:39]} 73. a7
{[%clk 0:09:46]} Rg5+ {[%clk 0:00:33]} 74. Ka6 {[%clk 0:09:49]} 1-0

[Event "Rapid 2018"]
[Site "Saint-Petersburg"]
[Date "2018.12.28"]
[Round "15"]
[Board "96"]
[White "Dubrovin Robert (EST)"]
[Black "Al Thebaiti Ahmed M (KSA)"]
[Result "1-0"]
[BlackElo "1826"]
[WhiteElo "2315"]
[LiveChessVersion "1.4.8"]

1. d4 {[%clk 0:15:13]} d5 {[%clk 0:15:17]} 2. c4 {[%clk 0:15:22]} dxc4
{[%clk 0:15:24]} 3. Nf3 {[%clk 0:15:31]} Nf6 {[%clk 0:15:31]} 4. e3
{[%clk 0:15:41]} e6 {[%clk 0:15:37]} 5. Bxc4 {[%clk 0:15:50]} c5 {[%clk 0:15:44]}
6. O-O {[%clk 0:15:55]} a6 {[%clk 0:15:51]} 7. a4 {[%clk 0:16:04]} Nc6
{[%clk 0:15:56]} 8. Qe2 {[%clk 0:16:13]} Be7 {[%clk 0:15:50]} 9. Rd1
{[%clk 0:16:13]} Qc7 {[%clk 0:15:53]} 10. Nc3 {[%clk 0:15:29]} O-O
{[%clk 0:15:48]} 11. dxc5 {[%clk 0:14:59]} Bxc5 {[%clk 0:15:40]} 12. h3
{[%clk 0:14:10]} b6 {[%clk 0:15:27]} 13. e4 {[%clk 0:13:48]} Bb7 {[%clk 0:12:55]}
14. e5 {[%clk 0:13:34]} Nd7 {[%clk 0:12:55]} 15. Bf4 {[%clk 0:13:25]} Ne7
{[%clk 0:12:13]} 16. Ng5 {[%clk 0:10:39]} Qc6 {[%clk 0:08:20]} 17. Qg4
{[%clk 0:05:15]} Ng6 {[%clk 0:06:58]} 18. Nxe6 {[%clk 0:05:10]} fxe6
{[%clk 0:06:09]} 19. Bxe6+ {[%clk 0:05:14]} Kh8 {[%clk 0:06:08]} 20. Bxd7
{[%clk 0:05:22]} Qxg2+ {[%clk 0:05:22]} 21. Qxg2 {[%clk 0:05:31]} Bxg2
{[%clk 0:05:30]} 22. Bg3 {[%clk 0:04:46]} Bb7 {[%clk 0:05:24]} 23. Bg4
{[%clk 0:03:33]} Bc6 {[%clk 0:04:44]} 24. Nd5 {[%clk 0:02:54]} Rad8
{[%clk 0:04:24]} 25. Nc7 {[%clk 0:03:03]} Rxd1+ {[%clk 0:04:07]} 26. Rxd1
{[%clk 0:03:13]} Bxa4 {[%clk 0:04:10]} 27. Ra1 {[%clk 0:02:28]} Bc6
{[%clk 0:03:48]} 28. Ne6 {[%clk 0:02:25]} Re8 {[%clk 0:03:39]} 29. Nxc5
{[%clk 0:02:31]} bxc5 {[%clk 0:03:46]} 30. Rxa6 {[%clk 0:02:37]} Be4
{[%clk 0:02:17]} 31. f4 {[%clk 0:02:23]} Ne7 {[%clk 0:01:50]} 32. Re6
{[%clk 0:02:06]} Bd5 {[%clk 0:01:58]} 33. Rd6 {[%clk 0:02:12]} Be4
{[%clk 0:02:01]} 34. Bf2 {[%clk 0:01:54]} c4 {[%clk 0:02:00]} 35. Bb6
{[%clk 0:01:49]} Nf5 {[%clk 0:01:49]} 36. Rd8 {[%clk 0:01:23]} Rxd8
{[%clk 0:01:55]} 37. Bxd8 {[%clk 0:01:32]} Kg8 {[%clk 0:01:56]} 38. Kf2
{[%clk 0:01:40]} Kf7 {[%clk 0:02:04]} 39. Bf3 {[%clk 0:01:23]} Bd3
{[%clk 0:00:48]} 40. Bd5+ {[%clk 0:01:33]} Ke8 {[%clk 0:00:57]} 41. Bb6
{[%clk 0:01:41]} Ne7 {[%clk 0:00:54]} 42. Be6 {[%clk 0:01:42]} g6
{[%clk 0:01:01]} 43. Ke3 {[%clk 0:01:44]} Nf5+ {[%clk 0:00:41]} 44. Kd2
{[%clk 0:01:54]} Ke7 {[%clk 0:00:41]} 45. Bg8 {[%clk 0:02:03]} h6
{[%clk 0:00:41]} 46. b3 {[%clk 0:02:00]} Bf1 {[%clk 0:00:46]} 47. Bxc4
{[%clk 0:01:37]} Bxh3 {[%clk 0:00:52]} 48. Bc5+ {[%clk 0:01:30]} Kd8
{[%clk 0:00:47]} 49. Kd3 {[%clk 0:01:23]} Bf1+ {[%clk 0:00:43]} 50. Ke4
{[%clk 0:01:07]} Bxc4 {[%clk 0:00:39]} 51. bxc4 {[%clk 0:01:16]} Kd7
{[%clk 0:00:46]} 52. Kd5 {[%clk 0:01:18]} h5 {[%clk 0:00:49]} 53. e6+
{[%clk 0:01:26]} Ke8 {[%clk 0:00:57]} 54. Ke5 {[%clk 0:01:24]} h4
{[%clk 0:00:58]} 55. Bg1 {[%clk 0:01:23]} Ke7 {[%clk 0:01:02]} 56. c5
{[%clk 0:01:30]} Ng7 {[%clk 0:01:03]} 57. Bf2 {[%clk 0:01:26]} Nxe6
{[%clk 0:00:45]} 58. Bxh4+ {[%clk 0:01:35]} Kd7 {[%clk 0:00:17]} 59. c6+
{[%clk 0:01:42]} 1-0

[Event "Rapid 2018"]
[Site "Saint-Petersburg"]
[Date "2018.12.28"]
[Round "15"]
[Board "98"]
[White "Ovchinnikov Vsevolod (RUS)"]
[Black "Alsulaymi Abdullah M (KSA)"]
[Result "1-0"]
[BlackElo "1682"]
[WhiteElo "2330"]
[LiveChessVersion "1.4.8"]

1. Nf3 {[%clk 0:15:17]} Nf6 {[%clk 0:15:15]} 2. c4 {[%clk 0:15:25]} g6
{[%clk 0:15:14]} 3. b3 {[%clk 0:15:33]} Bg7 {[%clk 0:15:22]} 4. Bb2
{[%clk 0:15:42]} O-O {[%clk 0:15:29]} 5. g3 {[%clk 0:15:50]} d6 {[%clk 0:15:29]}
6. d4 {[%clk 0:15:58]} Bf5 {[%clk 0:15:24]} 7. Bg2 {[%clk 0:15:58]} Nc6
{[%clk 0:15:26]} 8. d5 {[%clk 0:15:15]} Nb4 {[%clk 0:14:43]} 9. Nd4
{[%clk 0:15:21]} Ne4 {[%clk 0:14:13]} 10. a3 {[%clk 0:10:50]} Bxd4
{[%clk 0:13:22]} 11. Bxd4 {[%clk 0:10:58]} Na6 {[%clk 0:08:52]} 12. g4
{[%clk 0:10:46]} Bxg4 {[%clk 0:07:06]} 13. Bxe4 {[%clk 0:10:52]} Nc5
{[%clk 0:07:01]} 14. Bg2 {[%clk 0:10:50]} e5 {[%clk 0:06:56]} 15. Be3
{[%clk 0:09:43]} f5 {[%clk 0:06:48]} 16. h3 {[%clk 0:09:43]} Bh5 {[%clk 0:06:52]}
17. Nc3 {[%clk 0:08:50]} Nd7 {[%clk 0:06:26]} 18. Bf3 {[%clk 0:08:29]} f4
{[%clk 0:06:34]} 19. Bd2 {[%clk 0:08:35]} Nf6 {[%clk 0:06:11]} 20. Qc2
{[%clk 0:08:27]} Qe7 {[%clk 0:06:04]} 21. O-O-O {[%clk 0:07:48]} a5
{[%clk 0:05:46]} 22. Ne4 {[%clk 0:07:15]} Bxf3 {[%clk 0:05:44]} 23. exf3
{[%clk 0:07:17]} c6 {[%clk 0:05:48]} 24. dxc6 {[%clk 0:06:49]} bxc6
{[%clk 0:05:55]} 25. Bc3 {[%clk 0:06:29]} d5 {[%clk 0:05:36]} 26. Nxf6+
{[%clk 0:06:37]} Rxf6 {[%clk 0:05:41]} 27. cxd5 {[%clk 0:06:44]} cxd5
{[%clk 0:05:44]} 28. Rxd5 {[%clk 0:06:38]} Rc8 {[%clk 0:05:39]} 29. Kb2
{[%clk 0:06:00]} Rfc6 {[%clk 0:05:40]} 30. Rd3 {[%clk 0:06:07]} Qc5
{[%clk 0:05:18]} 31. Rhd1 {[%clk 0:05:52]} Qb6 {[%clk 0:05:24]} 32. Qd2
{[%clk 0:05:02]} a4 {[%clk 0:05:09]} 33. b4 {[%clk 0:05:06]} Kf7 {[%clk 0:04:23]}
34. Rd7+ {[%clk 0:04:24]} Ke6 {[%clk 0:04:19]} 1-0

[Event "Rapid 2018"]
[Site "Saint-Petersburg"]
[Date "2018.12.28"]
[Round "15"]
[Board "99"]
[White "Al Turky Fahad A (KSA)"]
[Black "Mamatov Melis (KGZ)"]
[Result "0-1"]
[BlackElo "2234"]
[WhiteElo "1815"]
[LiveChessVersion "1.4.8"]

1. e4 {[%clk 0:15:19]} c5 {[%clk 0:15:19]} 2. Nf3 {[%clk 0:15:27]} d6
{[%clk 0:15:28]} 3. d4 {[%clk 0:15:36]} cxd4 {[%clk 0:15:37]} 4. Nxd4
{[%clk 0:15:45]} Nf6 {[%clk 0:15:46]} 5. Nc3 {[%clk 0:15:54]} e5 {[%clk 0:15:55]}
6. Nf3 {[%clk 0:15:54]} Be6 {[%clk 0:15:53]} 7. Bb5+ {[%clk 0:15:58]} Nc6
{[%clk 0:15:45]} 8. O-O {[%clk 0:16:04]} a6 {[%clk 0:15:53]} 9. Ba4
{[%clk 0:15:53]} h6 {[%clk 0:15:52]} 10. Re1 {[%clk 0:15:51]} Be7
{[%clk 0:16:00]} 11. h3 {[%clk 0:15:34]} O-O {[%clk 0:16:00]} 12. Bb3
{[%clk 0:15:41]} b5 {[%clk 0:15:48]} 13. Nd5 {[%clk 0:15:10]} Rc8
{[%clk 0:15:18]} 14. c3 {[%clk 0:14:00]} Na5 {[%clk 0:14:24]} 15. Bc2
{[%clk 0:13:32]} Nxd5 {[%clk 0:13:11]} 16. exd5 {[%clk 0:13:38]} Bd7
{[%clk 0:13:20]} 17. Qe2 {[%clk 0:12:15]} Re8 {[%clk 0:10:23]} 18. a4
{[%clk 0:10:56]} f5 {[%clk 0:10:13]} 19. Bd2 {[%clk 0:10:21]} Bf6
{[%clk 0:09:50]} 20. b4 {[%clk 0:09:00]} Nc4 {[%clk 0:09:51]} 21. Bb3
{[%clk 0:08:57]} Nb2 {[%clk 0:08:12]} 22. a5 {[%clk 0:08:29]} Nc4
{[%clk 0:08:08]} 23. Rac1 {[%clk 0:07:39]} Rc7 {[%clk 0:07:33]} 24. Be3
{[%clk 0:06:23]} Qa8 {[%clk 0:07:42]} 25. Bxc4 {[%clk 0:06:00]} Rxc4
{[%clk 0:07:42]} 26. Red1 {[%clk 0:05:47]} Rec8 {[%clk 0:07:49]} 27. Qb2
{[%clk 0:05:29]} f4 {[%clk 0:06:40]} 28. Bb6 {[%clk 0:04:10]} e4 {[%clk 0:06:27]}
29. Nd2 {[%clk 0:04:03]} Bxc3 {[%clk 0:06:16]} 30. Rxc3 {[%clk 0:03:38]} Rxc3
{[%clk 0:06:25]} 31. Nxe4 {[%clk 0:03:45]} Rc2 {[%clk 0:06:29]} 32. Qd4
{[%clk 0:03:27]} R8c4 {[%clk 0:06:14]} 33. Qd3 {[%clk 0:03:23]} Qf8
{[%clk 0:06:17]} 34. f3 {[%clk 0:01:16]} Bf5 {[%clk 0:06:16]} 35. Re1
{[%clk 0:00:42]} Rb2 {[%clk 0:05:44]} 36. Qf1 Bxe4 {[%clk 0:05:33]} 37. fxe4
{[%clk 0:00:25]} Rcc2 {[%clk 0:05:41]} 38. Kh1 {[%clk 0:00:14]} Rxg2
{[%clk 0:05:42]} 39. Qxg2 {[%clk 0:00:15]} Rxg2 40. Kxg2 {[%clk 0:00:25]} Qf6
{[%clk 0:05:49]} 41. Rf1 {[%clk 0:00:23]} g5 {[%clk 0:05:56]} 42. Rf3
{[%clk 0:00:29]} Qb2+ 43. Rf2 {[%clk 0:00:23]} Qxb4 {[%clk 0:08:07]} 44. Kf3
{[%clk 0:00:30]} Qc3+ {[%clk 0:08:05]} 45. Kg2 {[%clk 0:00:20]} Qg3+
{[%clk 0:08:11]} 46. Kf1 {[%clk 0:00:28]} Qxh3+ {[%clk 0:08:19]} 47. Ke2
{[%clk 0:00:35]} Qc3 {[%clk 0:08:25]} 48. Rf3 {[%clk 0:00:39]} Qc2+
{[%clk 0:08:33]} 0-1

[Event "Rapid 2018"]
[Site "Saint-Petersburg"]
[Date "2018.12.28"]
[Round "15"]
[Board "100"]
[White "Khayat Abdullah F (KSA)"]
[Black "Vorotnikov Vladislav V (RUS)"]
[Result "0-1"]
[BlackElo "2267"]
[WhiteElo "1819"]
[LiveChessVersion "1.4.8"]

1. d4 {[%clk 0:15:15]} Nf6 {[%clk 0:15:17]} 2. Nf3 {[%clk 0:15:23]} d6
{[%clk 0:15:25]} 3. g3 {[%clk 0:15:31]} c6 {[%clk 0:15:25]} 4. Bg2
{[%clk 0:15:40]} h6 {[%clk 0:15:31]} 5. O-O {[%clk 0:15:47]} Bf5 {[%clk 0:15:39]}
6. c3 {[%clk 0:15:55]} e6 {[%clk 0:15:38]} 7. Re1 {[%clk 0:16:03]} Bh7
{[%clk 0:15:30]} 8. Nbd2 {[%clk 0:16:08]} d5 {[%clk 0:14:52]} 9. Qb3
{[%clk 0:16:09]} Qb6 {[%clk 0:14:55]} 10. Qxb6 {[%clk 0:14:34]} axb6
{[%clk 0:15:03]} 11. e3 {[%clk 0:14:41]} Nbd7 {[%clk 0:14:57]} 12. c4
{[%clk 0:14:48]} Bb4 {[%clk 0:14:48]} 13. cxd5 {[%clk 0:14:43]} exd5
{[%clk 0:14:54]} 14. a3 {[%clk 0:14:50]} O-O {[%clk 0:14:54]} 15. Bh3
{[%clk 0:14:31]} Rfe8 {[%clk 0:14:20]} 16. Rd1 {[%clk 0:14:15]} b5
{[%clk 0:14:15]} 17. Nf1 {[%clk 0:14:02]} Bc2 {[%clk 0:13:58]} 18. Rd2
{[%clk 0:12:38]} Be4 {[%clk 0:13:22]} 19. Bg2 {[%clk 0:11:16]} Nb6
{[%clk 0:12:51]} 20. Ne5 {[%clk 0:10:56]} Bxg2 {[%clk 0:12:50]} 21. Kxg2
{[%clk 0:11:01]} Bxd2 {[%clk 0:12:57]} 22. Bxd2 {[%clk 0:11:07]} Nc4
{[%clk 0:12:58]} 23. b4 {[%clk 0:11:12]} Rxa3 {[%clk 0:12:42]} 24. Rxa3
{[%clk 0:11:05]} Nxa3 {[%clk 0:12:50]} 25. Nd3 {[%clk 0:11:07]} Nc4
{[%clk 0:12:52]} 26. Nc5 {[%clk 0:11:09]} b6 {[%clk 0:12:56]} 27. Nd3
{[%clk 0:11:13]} Ra8 {[%clk 0:13:02]} 28. h4 {[%clk 0:10:45]} Ne4
{[%clk 0:12:49]} 29. Be1 {[%clk 0:10:49]} Ra3 {[%clk 0:12:41]} 30. Nc1
{[%clk 0:06:41]} Ra1 {[%clk 0:12:42]} 31. Nd3 {[%clk 0:06:46]} Rd1
{[%clk 0:12:48]} 32. f3 {[%clk 0:06:46]} Ned6 {[%clk 0:12:36]} 33. Ne5
{[%clk 0:03:42]} Rxe1 {[%clk 0:12:41]} 34. Nxc6 {[%clk 0:03:34]} Nxe3+
{[%clk 0:12:19]} 35. Nxe3 {[%clk 0:03:39]} Rxe3 {[%clk 0:12:27]} 36. Kf2
{[%clk 0:03:48]} Re6 {[%clk 0:12:05]} 37. Ne5 {[%clk 0:03:28]} Nc4
{[%clk 0:11:58]} 38. Nd3 {[%clk 0:03:26]} g5 {[%clk 0:11:56]} 39. h5
{[%clk 0:03:31]} Re3 {[%clk 0:11:55]} 40. Ne5 {[%clk 0:03:23]} Rb3
{[%clk 0:11:53]} 41. Nc6 {[%clk 0:03:24]} Rb2+ {[%clk 0:11:56]} 42. Ke1
{[%clk 0:03:31]} Kf8 {[%clk 0:11:54]} 43. f4 {[%clk 0:03:36]} g4 {[%clk 0:11:53]}
44. Ne5 {[%clk 0:03:34]} Nxe5 {[%clk 0:11:57]} 45. fxe5 {[%clk 0:03:42]} Rxb4
{[%clk 0:12:04]} 0-1